00347nam a22001217a 4500020000800000040001600008082001500024100002000039245006800059250001900127260004500146300003400191 qHB. cFIZZA ISHAQ a510.1bKRA aKramer, Edna E. aThe Nature and Growth of Modern Mathematics /c Edna E. Kramer. aFirst edition. aNew York:bHawthorn Books, Inc.,c1970.  axxiv, 758 p. ;c26 x 18.5 cm.